000 00582nam a2200229Ia 4500
003 OSt
005 20220928103436.0
006 a|||||r|||| 00| 0
007 ta
008 220927b |||||||| |||| 00| 0 eng d
024 _a53162
037 _cTextual
040 _aSDCL
_cSDCL
_beng
041 _2eng
_aeng
082 _aO152,3M80,9, M9
100 _aPremchand
_9392833
245 0 _aNirmala.
260 _aDelhi
_bOxford University Press
_c1989
300 _a215p.
_ccm.
942 _hO152,3M80,9, M9
_cTEXL
_2CC
999 _c719810
_d719810